[Event "Ikaria op"]
[Site "Ikaria"]
[Date "1998.??.??"]
[Round "7"]
[White "Kosteniuk, Alexandra"]
[Black "Tzermiadianos, Andreas"]
[Result "0-1"]
[WhiteElo "2260"]
[BlackElo "2445"]
[PlyCount "168"]
[EventDate "1998.??.??"]
[EventType "swiss"]
[EventRounds "9"]
[EventCountry "GRE"]
[SourceTitle "EXT 2000"]
[Source "ChessBase"]
[SourceDate "1999.11.16"]
[SourceVersion "1"]
[SourceVersionDate "1999.11.16"]
[SourceQuality "1"]

1. e4 c5 2. c4 Nc6 3. Nc3 e6 4. Nf3 g5 5. h3 Bg7 6. d3 h6 7. Be3 Nd4 8. Bxd4
cxd4 9. Nb5 Qb6 10. Qb3 a6 11. Na3 Qa5+ 12. Nd2 Ne7 13. Be2 Ng6 14. g3 h5 15.
Nc2 Qc5 16. Qb4 Qc7 17. c5 d6 18. Nb3 dxc5 19. Qxc5 Qxc5 20. Nxc5 h4 21. Na4 b5
22. Nb6 Rb8 23. Nxc8 Rxc8 24. Kd2 Be5 25. Rag1 Ke7 26. Ne1 hxg3 27. fxg3 Rc5
28. Nf3 Rhc8 29. Bd1 Bg7 30. Rf1 a5 31. Rh2 a4 32. Rhf2 Ke8 33. Ne1 Be5 34. Rg1
Bc7 35. Nf3 Ba5+ 36. Ke2 Rd8 37. Kf1 Ke7 38. Kg2 f6 39. Rgf1 Rc1 40. a3 Bc7 41.
Re1 Be5 42. Ref1 Rdc8 43. Nh2 Nf8 44. Ng4 Nd7 45. Rh1 Rb1 46. Nxe5 Nxe5 47. Rd2
Rcc1 48. Rf1 g4 49. h4 Nf3 50. Rxf3 gxf3+ 51. Bxf3 Rc8 52. h5 Rbc1 53. Bd1 R1c5
54. Kh3 Rg8 55. Rh2 Rcg5 56. g4 Kd6 57. Kg3 f5 58. exf5 exf5 59. h6 fxg4 60. h7
Rh8 61. Rh6+ Kc7 62. Bxg4 Rg7 63. Rh5 Kb6 64. Rh6+ Ka5 65. Rd6 Rhxh7 66. Rxd4
Rh6 67. Rf4 Rd6 68. d4 Rc7 69. Kf3 Rc2 70. Ke4 Rxb2 71. Ke5 Rd8 72. d5 Rb3 73.
d6 Rxa3 74. Bf5 Kb6 75. Be4 Rh3 76. Bf5 Re3+ 77. Kd5 a3 78. Rf2 Rc3 79. d7 b4
80. Kd4 Rc7 81. Be6 Rc6 82. Bf5 Ka5 83. Kd5 Rf6 84. Ke5 Rxf5+ 0-1

[Event "Moscow m"]
[Site "Moscow"]
[Date "1998.??.??"]
[Round "1"]
[White "Kremenietsky, Anatoly M"]
[Black "Kosteniuk, Alexandra"]
[Result "0-1"]
[WhiteElo "2410"]
[BlackElo "2260"]
[PlyCount "74"]
[EventDate "1998.??.??"]
[EventType "match"]
[EventRounds "4"]
[EventCountry "RUS"]
[SourceTitle "EXT 2002"]
[Source "ChessBase"]
[SourceDate "2001.11.25"]
[SourceVersion "1"]
[SourceVersionDate "2001.11.25"]
[SourceQuality "1"]

1. d4 Nf6 2. c4 e6 3. Nf3 d5 4. Nc3 Be7 5. Bg5 O-O 6. e3 c6 7. Qc2 Nbd7 8. Rc1
Ne4 9. Bxe7 Qxe7 10. Bd3 Nxc3 11. bxc3 dxc4 12. Bxc4 c5 13. e4 cxd4 14. cxd4 b5
15. Bd3 Bb7 16. Qb1 Rac8 17. O-O b4 18. a3 a5 19. axb4 axb4 20. Qb3 Nf6 21. Nd2
Rfd8 22. Qb2 Qd6 23. Rxc8 Bxc8 24. Nb3 Ng4 25. g3 Ba6 26. Rd1 Bxd3 27. Rxd3 Ne5
28. Rd1 f5 29. Qe2 Nc6 30. d5 fxe4 31. Qxe4 exd5 32. Qd3 Ne5 33. Qb5 Qc6 34.
Qxb4 Nf3+ 35. Kf1 d4 36. h3 d3 37. Qc5 Qe6 0-1

[Event "Moscow m"]
[Site "Moscow"]
[Date "1998.??.??"]
[Round "2"]
[White "Kosteniuk, Alexandra"]
[Black "Kremenietsky, Anatoly M"]
[Result "1-0"]
[WhiteElo "2260"]
[BlackElo "2410"]
[PlyCount "119"]
[EventDate "1998.??.??"]
[EventType "match"]
[EventRounds "4"]
[EventCountry "RUS"]
[SourceTitle "EXT 2002"]
[Source "ChessBase"]
[SourceDate "2001.11.25"]
[SourceVersion "1"]
[SourceVersionDate "2001.11.25"]
[SourceQuality "1"]

1. d4 Nf6 2. c4 e6 3. Nf3 b6 4. g3 Ba6 5. b3 d5 6. Bg2 dxc4 7. Ne5 Bb4+ 8. Bd2
Qxd4 9. Bxb4 Qxa1 10. Bc3 Qxa2 11. Bxa8 cxb3 12. Nd2 Qc2 13. Qa1 Nd5 14. Bxd5
exd5 15. Nef3 f6 16. Nd4 Qa2 17. Ne6 Kf7 18. Qxa2 bxa2 19. Nf4 Re8 20. Kd1 Bb7
21. Re1 c5 22. e3 Na6 23. Nd3 b5 24. Nc1 b4 25. Ba1 Bc6 26. Nxa2 Rb8 27. Nc1 b3
28. Bb2 c4 29. Nb1 Nc5 30. Nc3 a5 31. Re2 Na6 32. Rd2 Nb4 33. N1e2 Nd3 34. Nf4
Nxb2+ 35. Rxb2 a4 36. Kc1 a3 37. Rd2 Ra8 38. Kb1 b2 39. Nfxd5 Ra5 40. Nb4 Ba4
41. Nxa4 Rxa4 42. Na2 Ke6 43. Nc3 Rb4 44. Ka2 g5 45. Nb1 Ra4 46. Rc2 Ke5 47. f3
h5 48. Rc3 g4 49. f4+ Ke4 50. Nxa3 Kf3 51. Kxb2 Rb4+ 52. Kc1 Rb3 53. Rxb3 cxb3
54. Nc4 Kg2 55. e4 Kxh2 56. e5 h4 57. exf6 Kxg3 58. f7 h3 59. f8=Q h2 60. Qh6
1-0

[Event "Moscow m"]
[Site "Moscow"]
[Date "1998.??.??"]
[Round "3"]
[White "Kremenietsky, Anatoly M"]
[Black "Kosteniuk, Alexandra"]
[Result "1-0"]
[WhiteElo "2410"]
[BlackElo "2260"]
[PlyCount "65"]
[EventDate "1998.??.??"]
[EventType "match"]
[EventRounds "4"]
[EventCountry "RUS"]
[SourceTitle "EXT 2002"]
[Source "ChessBase"]
[SourceDate "2001.11.25"]
[SourceVersion "1"]
[SourceVersionDate "2001.11.25"]
[SourceQuality "1"]

1. e4 c5 2. Nf3 Nc6 3. d4 cxd4 4. Nxd4 g6 5. Nxc6 bxc6 6. Qd4 Nf6 7. e5 Ng8 8.
Bc4 Bg7 9. O-O d5 10. Bb3 Qc7 11. Re1 e6 12. Bg5 c5 13. Ba4+ Kf8 14. Qe3 h6 15.
Bh4 g5 16. Bg3 Ne7 17. c3 Nf5 18. Qe2 Rb8 19. Na3 h5 20. h3 Nxg3 21. fxg3 f5
22. exf6 Bxf6 23. Rf1 Kg7 24. Rxf6 Kxf6 25. Rf1+ Kg7 26. Qe3 Rh6 27. Bc2 Rg6
28. Bxg6 Kxg6 29. h4 Qe7 30. Qe5 Rb7 31. Qh8 Rc7 32. Rf8 gxh4 33. Rg8+ 1-0

[Event "Moscow m"]
[Site "Moscow"]
[Date "1998.??.??"]
[Round "4"]
[White "Kosteniuk, Alexandra"]
[Black "Kremenietsky, Anatoly M"]
[Result "0-1"]
[WhiteElo "2260"]
[BlackElo "2410"]
[PlyCount "74"]
[EventDate "1998.??.??"]
[EventType "match"]
[EventRounds "4"]
[EventCountry "RUS"]
[SourceTitle "EXT 2002"]
[Source "ChessBase"]
[SourceDate "2001.11.25"]
[SourceVersion "1"]
[SourceVersionDate "2001.11.25"]
[SourceQuality "1"]

1. d4 Nf6 2. c4 c5 3. Nf3 cxd4 4. Nxd4 e6 5. Nc3 d5 6. Bf4 a6 7. e3 Be7 8. Be2
dxc4 9. Bxc4 O-O 10. O-O Nbd7 11. Bg3 Nb6 12. Bb3 Nbd5 13. Nxd5 Nxd5 14. Qf3
Bf6 15. Rfd1 Qb6 16. Rd2 Rd8 17. Rad1 Bd7 18. e4 Nb4 19. Ne2 Bb5 20. Nc3 Rxd2
21. Rxd2 Be8 22. e5 Be7 23. h4 Bc6 24. Qg4 Rd8 25. Rxd8+ Qxd8 26. Ne4 h5 27.
Nf6+ Bxf6 28. Qxb4 Be7 29. Qf4 Qd3 30. Kh2 Qf1 31. f3 Qe2 32. Kh1 Qxb2 33. Qe3
Qa3 34. Bf2 Qb4 35. Be1 Bc5 36. Bxb4 Bxe3 37. Bc3 Bf2 0-1

[Event "RUS-ch U20 Girls"]
[Site "Sochi"]
[Date "1998.??.??"]
[Round "?"]
[White "Andreeva, Natalija"]
[Black "Kosteniuk, Alexandra"]
[Result "1-0"]
[WhiteElo "2140"]
[BlackElo "2260"]
[PlyCount "121"]
[EventDate "1998.??.??"]
[EventType "tourn"]
[EventRounds "11"]
[EventCountry "RUS"]
[SourceTitle "EXT 2000"]
[Source "ChessBase"]
[SourceDate "1999.11.16"]
[SourceVersion "1"]
[SourceVersionDate "1999.11.16"]
[SourceQuality "1"]

1. Nf3 d6 2. d4 Bg4 3. Nbd2 Nd7 4. g3 c6 5. Bg2 Ngf6 6. h3 Bh5 7. c3 e6 8. e4
d5 9. e5 Ne4 10. Qe2 Nxd2 11. Bxd2 Qb6 12. Be3 c5 13. O-O Be7 14. Qd2 O-O 15.
Nh2 Bg6 16. f4 cxd4 17. Bxd4 Qa6 18. g4 Bd3 19. Rfd1 Bg6 20. Qf2 f5 21. exf6
Nxf6 22. Qe3 Ne4 23. Nf3 Qb5 24. b3 Rac8 25. c4 Qb4 26. a3 Qd6 27. Ne5 Bh4 28.
Ra2 b5 29. Nxg6 hxg6 30. Be5 Qc5 31. Qxc5 Rxc5 32. Bxe4 dxe4 33. Rd7 Rf7 34.
Rxf7 Kxf7 35. Bd4 Rc7 36. cxb5 Bf6 37. Bxf6 gxf6 38. a4 Rc3 39. b4 Rg3+ 40. Kf1
Ke7 41. Rc2 Kd6 42. Rc6+ Kd5 43. Ra6 e3 44. Ke2 Ke4 45. Rxe6+ Kxf4 46. Rxf6+
Ke4 47. Re6+ Kd4 48. a5 Rg2+ 49. Kf1 Rb2 50. b6 axb6 51. Rxb6 Rb1+ 52. Ke2 Rb2+
53. Kf3 Rf2+ 54. Kg3 Rf7 55. Re6 Kd3 56. a6 e2 57. b5 Kd2 58. b6 Rf6 59. Rxe2+
Kxe2 60. a7 Rf8 61. g5 1-0

[Event "RUS-ch U20 Girls"]
[Site "Sochi"]
[Date "1998.??.??"]
[Round "?"]
[White "Atalik, Ekaterina"]
[Black "Kosteniuk, Alexandra"]
[Result "1-0"]
[WhiteElo "2335"]
[BlackElo "2260"]
[PlyCount "87"]
[EventDate "1998.??.??"]
[EventType "tourn"]
[EventRounds "11"]
[EventCountry "RUS"]
[SourceTitle "EXT 2000"]
[Source "ChessBase"]
[SourceDate "1999.11.16"]
[SourceVersion "1"]
[SourceVersionDate "1999.11.16"]
[SourceQuality "1"]

1. e4 d5 2. exd5 Qxd5 3. Nc3 Qa5 4. g3 Nf6 5. Bg2 e5 6. Nge2 Bd6 7. O-O O-O 8.
d4 Nc6 9. d5 Ne7 10. Bg5 Ne8 11. Ne4 f6 12. Bd2 Qa6 13. b3 f5 14. Nxd6 Qxd6 15.
c4 f4 16. Nc3 Bf5 17. Re1 Qf6 18. Qe2 Ng6 19. h4 fxg3 20. fxg3 Qb6+ 21. Be3 Qa5
22. Ne4 Nd6 23. Bd2 Qa3 24. h5 Nxe4 25. Bxe4 Ne7 26. Bg2 Qc5+ 27. Qe3 Qb6 28.
Qxb6 axb6 29. Rxe5 Nc8 30. Bb4 Nd6 31. Rf1 Bg4 32. a3 Rxf1+ 33. Bxf1 Nf7 34.
Re7 Rc8 35. Be2 Bf5 36. Bd1 h6 37. Bc3 Kf8 38. Bb4 Kg8 39. g4 Bb1 40. Kg2 Ng5
41. Bc3 Nf7 42. g5 hxg5 43. Bg4 Rd8 44. Be6 1-0

[Event "RUS-ch U20 Girls"]
[Site "Sochi"]
[Date "1998.??.??"]
[Round "?"]
[White "Koroljova, Valerija"]
[Black "Kosteniuk, Alexandra"]
[Result "1/2-1/2"]
[WhiteElo "2195"]
[BlackElo "2260"]
[PlyCount "132"]
[EventDate "1998.??.??"]
[EventType "tourn"]
[EventRounds "11"]
[EventCountry "RUS"]
[SourceTitle "EXT 2000"]
[Source "ChessBase"]
[SourceDate "1999.11.16"]
[SourceVersion "1"]
[SourceVersionDate "1999.11.16"]
[SourceQuality "1"]

1. e4 g6 2. d4 Bg7 3. Nc3 c6 4. f4 d5 5. e5 Nh6 6. Be3 f6 7. Qd2 O-O 8. O-O-O
b5 9. h3 f5 10. Nf3 Nd7 11. Ng5 Nb6 12. h4 Nf7 13. h5 Nxg5 14. fxg5 f4 15. Bxf4
gxh5 16. Re1 Bg4 17. g3 Nc4 18. Qh2 Qa5 19. Kb1 b4 20. Nd1 b3 21. axb3 Qxe1 22.
Bxc4 Qe4 23. Nf2 Qxd4 24. Nxg4 dxc4 25. Qxh5 Qe4 26. bxc4 a5 27. Nh6+ Bxh6 28.
gxh6 Qg6 29. Qxg6+ hxg6 30. h7+ Kh8 31. e6 Rf5 32. Bd2 Rh5 33. Bc3+ Kxh7 34.
Rf1 Kg8 35. Kc1 a4 36. Bb4 c5 37. Ba3 Re5 38. Rd1 Rc8 39. Rd5 Rxe6 40. Bxc5 Kf7
41. b3 Ra6 42. Kb2 Re8 43. b4 a3+ 44. Ka2 e5 45. Be3 e4 46. c5 Rf6 47. Rd1 Rf3
48. Re1 Ke6 49. Kxa3 Rxg3 50. Kb3 g5 51. Kc4 Ke5 52. b5 g4 53. Re2 Rf3 54. b6
g3 55. Bd4+ Kf4 56. b7 Rf1 57. c6 Rb1 58. Ba7 Rg8 59. Kd5 Rb5+ 60. Kd6 g2 61.
Re1 Rh8 62. Bg1 Rb2 63. Kd7 Rh7+ 64. Kd6 Rh8 65. Kd7 Rh7+ 66. Kd6 Rh8 1/2-1/2

[Event "RUS-ch U20 Girls"]
[Site "Sochi"]
[Date "1998.??.??"]
[Round "?"]
[White "Kosteniuk, Alexandra"]
[Black "Dorofeeva, Anna"]
[Result "1/2-1/2"]
[WhiteElo "2260"]
[BlackElo "2345"]
[PlyCount "149"]
[EventDate "1998.??.??"]
[EventType "tourn"]
[EventRounds "11"]
[EventCountry "RUS"]
[SourceTitle "EXT 2000"]
[Source "ChessBase"]
[SourceDate "1999.11.16"]
[SourceVersion "1"]
[SourceVersionDate "1999.11.16"]
[SourceQuality "1"]

1. e4 c5 2. Nf3 Nc6 3. Bb5 g6 4. c3 Bg7 5. O-O d6 6. d4 cxd4 7. Nxd4 Bd7 8. Be3
Nf6 9. f3 O-O 10. Na3 Qc7 11. Be2 d5 12. Ndb5 Qe5 13. Bd4 Nxd4 14. cxd4 Qb8 15.
Nc3 dxe4 16. fxe4 e5 17. d5 b5 18. Bxb5 Bxb5 19. Naxb5 a6 20. Na3 Qxb2 21. Qb3
Qd2 22. Rae1 Rab8 23. Qc2 Qxc2 24. Nxc2 Rfc8 25. Rf3 Rb2 26. Re2 Ne8 27. g4 Nd6
28. Rg2 Kf8 29. g5 Ke7 30. Ne1 Rb4 31. Re2 Rbc4 32. Ree3 h6 33. h4 hxg5 34.
hxg5 Rb8 35. Kg2 f6 36. gxf6+ Bxf6 37. Rh3 Bg5 38. Rh7+ Kf6 39. Rf3+ Bf4 40.
Ra7 Rb6 41. Rd3 Nxe4 42. Nxe4+ Rxe4 43. d6 Rd4 44. d7 Ke7 45. Rh3 Ke6 46. Rd3
Rbd6 47. Rxd4 Rxd4 48. Rxa6+ Kf7 49. Kf3 Rxd7 50. Ng2 Rd3+ 51. Ke2 Rd2+ 52. Kf3
g5 53. Nxf4 gxf4 54. a4 Rd3+ 55. Ke4 Re3+ 56. Kf5 Ke7 57. Kg4 Rg3+ 58. Kf5 Re3
59. Kg4 Kd7 60. a5 f3 61. Rf6 e4 62. a6 Kc7 63. Rf7+ Kb8 64. Kg3 Re2 65. Rb7+
Ka8 66. Rf7 Ra2 67. Kf4 Ra4 68. Ke3 Rb4 69. a7 Ra4 70. Re7 Rc4 71. Rf7 Rb4 72.
Re7 Ra4 73. Rf7 Rxa7 74. Rf8+ Kb7 75. Kxe4 1/2-1/2

[Event "RUS-ch U20 Girls"]
[Site "Sochi"]
[Date "1998.??.??"]
[Round "?"]
[White "Kosteniuk, Alexandra"]
[Black "Kazarova, Irina"]
[Result "1/2-1/2"]
[WhiteElo "2260"]
[BlackElo "2180"]
[PlyCount "70"]
[EventDate "1998.??.??"]
[EventType "tourn"]
[EventRounds "11"]
[EventCountry "RUS"]
[SourceTitle "EXT 2000"]
[Source "ChessBase"]
[SourceDate "1999.11.16"]
[SourceVersion "1"]
[SourceVersionDate "1999.11.16"]
[SourceQuality "1"]

1. e4 e5 2. Nc3 Nf6 3. f4 d5 4. fxe5 Nxe4 5. d3 Nxc3 6. bxc3 d4 7. Nf3 c5 8.
Be2 Be7 9. O-O O-O 10. cxd4 cxd4 11. Qe1 Nc6 12. Qg3 Kh8 13. Bg5 f6 14. exf6
Bxf6 15. Bxf6 Rxf6 16. Ng5 Be6 17. Rxf6 Qxf6 18. Rf1 Qe7 19. a4 Bd5 20. Bh5 Rf8
21. Rxf8+ Qxf8 22. Qh3 Qe7 23. Qg3 h6 24. Nh3 Bf7 25. Bxf7 Qxf7 26. Nf4 Qa2 27.
Qe1 Qxc2 28. Qe8+ Kh7 29. Qe4+ Kg8 30. Qe6+ Kh7 31. Qf5+ Kg8 32. Qe6+ Kh7 33.
Qg6+ Kg8 34. Qe6+ Kh7 35. Qe4+ Kg8 1/2-1/2

[Event "RUS-ch U20 Girls"]
[Site "Sochi"]
[Date "1998.??.??"]
[Round "?"]
[White "Kosteniuk, Alexandra"]
[Black "Trofimova, Antonina"]
[Result "1-0"]
[WhiteElo "2260"]
[BlackElo "2205"]
[PlyCount "81"]
[EventDate "1998.??.??"]
[EventType "tourn"]
[EventRounds "11"]
[EventCountry "RUS"]
[SourceTitle "EXT 2000"]
[Source "ChessBase"]
[SourceDate "1999.11.16"]
[SourceVersion "1"]
[SourceVersionDate "1999.11.16"]
[SourceQuality "1"]

1. e4 c5 2. c4 Nc6 3. Nc3 g6 4. g3 Bg7 5. Bg2 d6 6. Nge2 e6 7. d3 Nge7 8. O-O
O-O 9. Rb1 b6 10. Bg5 h6 11. Be3 Nd4 12. f4 Bb7 13. Bxd4 cxd4 14. Nb5 Nc6 15.
b4 Qd7 16. f5 Bf6 17. Nf4 a6 18. Na3 exf5 19. Nd5 Qd8 20. exf5 Bg5 21. Nc2 b5
22. h4 Be3+ 23. Ncxe3 dxe3 24. fxg6 fxg6 25. Nxe3 Qb6 26. c5 dxc5 27. Nd5 Qd8
28. Qg4 Qd6 29. bxc5 Qxc5+ 30. Kh2 Qd6 31. Rbe1 Ne5 32. Rxe5 Qxe5 33. Qxg6+ Qg7
34. Nf6+ Kh8 35. Qxg7+ Kxg7 36. Bxb7 Rab8 37. Nh5+ Kg6 38. Be4+ Kxh5 39. Rxf8
Rxf8 40. Kh3 Rg8 41. g4+ 1-0

[Event "RUS-ch U20 Girls"]
[Site "Sochi"]
[Date "1998.??.??"]
[Round "?"]
[White "Kosteniuk, Alexandra"]
[Black "Vrublevskaya, Olga"]
[Result "0-1"]
[WhiteElo "2260"]
[BlackElo "2225"]
[PlyCount "116"]
[EventDate "1998.??.??"]
[EventType "tourn"]
[EventRounds "11"]
[EventCountry "RUS"]
[SourceTitle "EXT 2000"]
[Source "ChessBase"]
[SourceDate "1999.11.16"]
[SourceVersion "1"]
[SourceVersionDate "1999.11.16"]
[SourceQuality "1"]

1. e4 c5 2. c4 Nc6 3. Nc3 g6 4. g3 Bg7 5. Bg2 e6 6. Nge2 Nge7 7. d3 d6 8. O-O
O-O 9. Bg5 h6 10. Be3 Nd4 11. Rb1 Nec6 12. a3 Rb8 13. b4 b6 14. h4 Bd7 15. Bf4
e5 16. Bd2 Bg4 17. f3 Be6 18. Nxd4 Nxd4 19. Be3 f5 20. Bxd4 cxd4 21. Ne2 f4 22.
Qe1 g5 23. hxg5 Qxg5 24. gxf4 exf4 25. Qf2 Qe5 26. Qh4 Kh7 27. Kf2 Bf6 28. Qh2
b5 29. cxb5 Rxb5 30. Rh1 Bg5 31. Bh3 Bf7 32. Bf5+ Kg7 33. Rbg1 Kf6 34. Rc1 Rb7
35. Bc8 Rb8 36. Bd7 Rb7 37. Qh3 Bg6 38. Rc4 Rd8 39. Bc8 Rb8 40. Ba6 Bf7 41. Rc7
Be6 42. Qh5 Rd7 43. Rhc1 Rb6 44. Bc8 Bf7 45. Qh1 Rxc7 46. Rxc7 a5 47. bxa5 Qxa5
48. Qa1 Bh4+ 49. Kf1 Rb1+ 50. Qxb1 Qxc7 51. Bf5 Ke5 52. Qb5+ Qc5 53. Qd7 Qa5
54. Ng3 fxg3 55. Qxf7 Qd2 56. Qe6+ Kf4 57. Qxh6+ Bg5 58. Qxd6+ Kxf3 0-1

[Event "RUS-ch U20 Girls"]
[Site "Sochi"]
[Date "1998.??.??"]
[Round "?"]
[White "Kosteniuk, Alexandra"]
[Black "Zakurdjaeva, Irina"]
[Result "1-0"]
[WhiteElo "2260"]
[BlackElo "2165"]
[PlyCount "63"]
[EventDate "1998.??.??"]
[EventType "tourn"]
[EventRounds "11"]
[EventCountry "RUS"]
[SourceTitle "EXT 2000"]
[Source "ChessBase"]
[SourceDate "1999.11.16"]
[SourceVersion "1"]
[SourceVersionDate "1999.11.16"]
[SourceQuality "1"]

1. d4 d5 2. Bg5 f6 3. Bh4 Bf5 4. c4 e6 5. Nc3 Bb4 6. Qb3 Nc6 7. e3 Nge7 8. Nf3
O-O 9. Be2 Be4 10. O-O Nf5 11. cxd5 Bxf3 12. Bxf3 Nxh4 13. dxc6 Nxf3+ 14. gxf3
Qe7 15. cxb7 Rab8 16. Ne2 Bd6 17. Ng3 c5 18. Nf5 Qd7 19. Nxd6 Qxd6 20. dxc5
Qxc5 21. Qxe6+ Kh8 22. Rac1 Qg5+ 23. Kh1 Qb5 24. b3 Qxb7 25. Qc6 Qb4 26. Rg1
Rg8 27. Qc7 Qd2 28. Rc2 Qd5 29. e4 Qd3 30. Rc3 Qe2 31. Qxa7 Rbc8 32. Qxg7+ 1-0

[Event "RUS-ch U20 Girls"]
[Site "Sochi"]
[Date "1998.??.??"]
[Round "?"]
[White "Kosteniuk, Alexandra"]
[Black "Zhurina, Elizaveta"]
[Result "1-0"]
[WhiteElo "2260"]
[BlackElo "2215"]
[PlyCount "109"]
[EventDate "1998.??.??"]
[EventType "tourn"]
[EventRounds "11"]
[EventCountry "RUS"]
[SourceTitle "EXT 2000"]
[Source "ChessBase"]
[SourceDate "1999.11.16"]
[SourceVersion "1"]
[SourceVersionDate "1999.11.16"]
[SourceQuality "1"]

1. d4 d5 2. Bg5 g6 3. Nf3 Bg7 4. e3 Nf6 5. c4 O-O 6. Nc3 c6 7. Be2 Be6 8. Bxf6
exf6 9. cxd5 cxd5 10. O-O Nc6 11. Ne1 Qd7 12. Nd3 Rfd8 13. Bf3 Rab8 14. Nc5 Qe8
15. Rc1 f5 16. Qa4 f4 17. Nb5 fxe3 18. fxe3 Bf5 19. Rfe1 Ne7 20. Qb3 a6 21. Nc7
Qc6 22. N5e6 Bxe6 23. Rxc6 bxc6 24. Qc3 Bc8 25. Be2 Rd7 26. Nxa6 Bxa6 27. Bxa6
Ra7 28. Bd3 Rxa2 29. b4 Bf8 30. Rf1 Ra4 31. Rb1 Ra7 32. e4 dxe4 33. Bxe4 Bg7
34. Qc4 Rd7 35. Rf1 Rf8 36. d5 cxd5 37. Qb5 Rfd8 38. Bd3 Bd4+ 39. Kh1 Rd6 40.
Qa4 Nc8 41. b5 Be5 42. Re1 Nb6 43. Qg4 Bf6 44. h3 Kg7 45. Rc1 Re8 46. Qf4 Ree6
47. Rf1 Rd7 48. g4 Be5 49. Qd2 Rde7 50. h4 Nc4 51. Bxc4 dxc4 52. h5 h6 53. g5
gxh5 54. gxh6+ Rxh6 55. Qg5+ 1-0

[Event "RUS-ch U20 Girls"]
[Site "Sochi"]
[Date "1998.??.??"]
[Round "?"]
[White "Turova, Irina"]
[Black "Kosteniuk, Alexandra"]
[Result "1/2-1/2"]
[WhiteElo "2265"]
[BlackElo "2260"]
[PlyCount "65"]
[EventDate "1998.??.??"]
[EventType "tourn"]
[EventRounds "11"]
[EventCountry "RUS"]
[SourceTitle "EXT 2000"]
[Source "ChessBase"]
[SourceDate "1999.11.16"]
[SourceVersion "1"]
[SourceVersionDate "1999.11.16"]
[SourceQuality "1"]

1. d4 d6 2. Nf3 Bg4 3. c4 Bxf3 4. exf3 Nd7 5. Nc3 g6 6. g3 Bg7 7. Bg2 c6 8. O-O
Nh6 9. Re1 O-O 10. d5 c5 11. Bh3 Re8 12. f4 Nf8 13. Qd3 a6 14. a3 Qc7 15. Bd2
Rab8 16. a4 Rbd8 17. Re2 e6 18. Rae1 Qd7 19. dxe6 fxe6 20. a5 Nf5 21. Bxf5 gxf5
22. Qb1 Qc7 23. Na4 Bd4 24. b4 cxb4 25. Qxb4 Rc8 26. Rc1 Nd7 27. Be3 Bxe3 28.
Rxe3 Nf6 29. Ree1 Ne4 30. Nb6 Qc5 31. Qb2 Rc7 32. Ra1 Rg7 33. Kg2 1/2-1/2

[Event "RUS-ch U20 Girls"]
[Site "Sochi"]
[Date "1998.??.??"]
[Round "?"]
[White "Zimina, Olga"]
[Black "Kosteniuk, Alexandra"]
[Result "1-0"]
[WhiteElo "2195"]
[BlackElo "2260"]
[PlyCount "107"]
[EventDate "1998.??.??"]
[EventType "tourn"]
[EventRounds "11"]
[EventCountry "RUS"]
[SourceTitle "EXT 2000"]
[Source "ChessBase"]
[SourceDate "1999.11.16"]
[SourceVersion "1"]
[SourceVersionDate "1999.11.16"]
[SourceQuality "1"]

1. Nf3 f5 2. d4 g6 3. c4 Nf6 4. Nc3 Bg7 5. b3 d6 6. Bb2 c6 7. e3 O-O 8. Be2 Qe8
9. d5 Na6 10. O-O Nc7 11. Rc1 h6 12. Re1 Qf7 13. dxc6 bxc6 14. Nd4 Bb7 15. c5
d5 16. Nf3 Nd7 17. b4 e5 18. b5 Kh7 19. a4 g5 20. bxc6 Bxc6 21. Nb5 Bxb5 22.
axb5 e4 23. Nd4 f4 24. Bh5 Qf6 25. Rc2 Ne5 26. Nc6 Qe6 27. Bxe5 Bxe5 28. Nxe5
Qxe5 29. b6 axb6 30. cxb6 Ne6 31. Bg4 Rf7 32. Rc6 Ng7 33. Bc8 fxe3 34. fxe3 Qb2
35. Qc2 Qxc2 36. Rxc2 Rb8 37. b7 Ne8 38. Rc6 Re7 39. Ra1 Nc7 40. Kf2 d4 41.
exd4 e3+ 42. Ke2 Nd5 43. g3 Rbxb7 44. Bxb7 Rxb7 45. Rd6 Ne7 46. Ra5 Kg7 47.
Kxe3 Ng8 48. Raa6 Rf7 49. Rg6+ Kh7 50. d5 Rd7 51. Ke4 Re7+ 52. Rae6 Rb7 53. d6
g4 54. Kd5 1-0

[Event "Russia-chB (Women)"]
[Site "Kolontaevo"]
[Date "1998.??.??"]
[Round "?"]
[White "Gladisheva, Tatjana"]
[Black "Kosteniuk, Alexandra"]
[Result "1-0"]
[WhiteElo "2160"]
[BlackElo "2260"]
[PlyCount "117"]
[EventDate "1998.??.??"]
[EventType "swiss"]
[EventRounds "9"]
[EventCountry "RUS"]
[SourceTitle "EXT 2000"]
[Source "ChessBase"]
[SourceDate "1999.11.16"]
[SourceVersion "1"]
[SourceVersionDate "1999.11.16"]
[SourceQuality "1"]

1. d4 d6 2. Nf3 Bg4 3. e3 Nd7 4. Be2 Ngf6 5. b3 e5 6. dxe5 dxe5 7. Bb2 Bb4+ 8.
c3 Bd6 9. h3 Bh5 10. Ba3 Bxa3 11. Nxa3 Qe7 12. Nc4 O-O-O 13. O-O g5 14. Nxg5
Rhg8 15. Nf3 Bxf3 16. Bxf3 e4 17. Be2 Ne5 18. Qc2 Nd3 19. Rad1 Rd5 20. f4 Rgd8
21. b4 Nh5 22. Bg4+ Kb8 23. Bxh5 Rxh5 24. Ne5 Rg8 25. Nxd3 exd3 26. Qxd3 Rxh3
27. Qd7 Qh4 28. Qxh3 Qxh3 29. Rd8+ Rxd8 30. gxh3 Rd3 31. Re1 Rxc3 32. Re2 Kc8
33. Kf2 Kd7 34. Kf3 Kc6 35. Rb2 Kb5 36. Ke4 Rc4+ 37. Kf5 Rxb4 38. Rd2 c5 39.
Rd8 c4 40. Rc8 Rb2 41. a4+ Kb4 42. e4 Rd2 43. Rc7 Rd6 44. Rxb7+ Kc5 45. e5 Rc6
46. Ke4 a6 47. Rxf7 Kb4 48. Rb7+ Kc5 49. Rxh7 Kb6 50. Rg7 c3 51. Rg1 Rc4+ 52.
Kf5 Kc6 53. h4 c2 54. Rc1 Kd7 55. h5 Ke7 56. h6 Rc8 57. h7 Kd7 58. Rxc2 Re8 59.
Rh2 1-0

[Event "Russia-chB (Women)"]
[Site "Kolontaevo"]
[Date "1998.??.??"]
[Round "?"]
[White "Kosteniuk, Alexandra"]
[Black "Malina, Diana"]
[Result "1-0"]
[WhiteElo "2260"]
[BlackElo "2025"]
[PlyCount "91"]
[EventDate "1998.??.??"]
[EventType "swiss"]
[EventRounds "9"]
[EventCountry "RUS"]
[SourceTitle "EXT 2000"]
[Source "ChessBase"]
[SourceDate "1999.11.16"]
[SourceVersion "1"]
[SourceVersionDate "1999.11.16"]
[SourceQuality "1"]

1. d4 f5 2. e4 fxe4 3. Nc3 Nf6 4. Bg5 d5 5. Bxf6 exf6 6. Qh5+ g6 7. Qxd5 Bb4 8.
Qxe4+ Kf7 9. Bc4+ Kg7 10. Nge2 Re8 11. Qd3 Nc6 12. O-O-O Bf5 13. Qd2 a5 14. Ng3
Qd7 15. Bb5 Qf7 16. Nxf5+ gxf5 17. a3 Bf8 18. Qf4 Red8 19. Qxf5 Ne7 20. Qg4+
Kh8 21. d5 Nxd5 22. Nxd5 Rxd5 23. Bc4 Rxd1+ 24. Rxd1 Qg7 25. Qxg7+ Bxg7 26. Rd7
Bh6+ 27. Kd1 Bf4 28. g3 Bd6 29. Bd3 Re8 30. Rxh7+ Kg8 31. Rh4 Be5 32. c3 c6 33.
Rg4+ Kh8 34. h4 b5 35. Re4 Rd8 36. Kc2 Kg7 37. Rg4+ Kf7 38. h5 Rh8 39. Rh4 Rh6
40. Rh1 Ke6 41. f4 Bd6 42. Re1+ Kd7 43. Bf5+ Kc7 44. Bg6 Rh8 45. Re6 Rf8 46. h6
1-0

[Event "Russia-chB (Women)"]
[Site "Kolontaevo"]
[Date "1998.??.??"]
[Round "?"]
[White "Kosteniuk, Alexandra"]
[Black "Timurova, Lilia"]
[Result "1-0"]
[WhiteElo "2260"]
[BlackElo "2015"]
[PlyCount "95"]
[EventDate "1998.??.??"]
[EventType "swiss"]
[EventRounds "9"]
[EventCountry "RUS"]
[SourceTitle "EXT 2000"]
[Source "ChessBase"]
[SourceDate "1999.11.16"]
[SourceVersion "1"]
[SourceVersionDate "1999.11.16"]
[SourceQuality "1"]

1. e4 d5 2. exd5 Qxd5 3. Nc3 Qa5 4. d4 Nf6 5. Nf3 c6 6. Bc4 Bf5 7. Bd2 e6 8.
Ne4 Qd8 9. Nxf6+ gxf6 10. c3 Nd7 11. Qe2 Qb6 12. Nh4 Bg6 13. Nxg6 hxg6 14. O-O
Bd6 15. g3 Qa5 16. f4 Qh5 17. Rae1 O-O-O 18. b4 Qxe2 19. Rxe2 f5 20. Bb3 Bf8
21. a4 Nf6 22. Bc1 Nd5 23. Bd2 Bg7 24. Rb1 Nf6 25. Be1 Ng4 26. Bc4 Bf8 27. Reb2
Be7 28. h4 Nf6 29. Kg2 Ne4 30. Kf3 Kc7 31. Bd3 Nf6 32. Bf2 Ng4 33. Bg1 e5 34.
b5 c5 35. b6+ axb6 36. Rxb6 Rb8 37. fxe5 Rhd8 38. Be2 cxd4 39. cxd4 Bf8 40. a5
Rdc8 41. Bc4 Bc5 42. R6b5 b6 43. Bxf7 Rd8 44. dxc5 Nxe5+ 45. Kf4 Nxf7 46. cxb6+
Kb7 47. Rc5 Rbc8 48. Rc7+ 1-0